000 00493nam a2200181Ia 4500
008 100920s9999 xx 000 0 und d
082 _b66162
_a7 थ 72
100 _aRUFINO MAURICIO.
245 _aA Vademecum of Stories.
260 _bST. PAUL PUBLICATIONS, BOMBAY.
_c1972
300 _a854
_bसाधी
365 _b0
520 _aस्टोरी.
630 _aA Vademecum of Stories.
650 _aस्टोरी.
730 _aA Vademecum of Stories.
942 _cBOOK
999 _c708851
_d708848